[Event "Cinelandia de Andrade Memorial 4th"]
[Site "Cinelandia"]
[Date "2022.08.07"]
[Round "5"]
[White "Rangel, Daniel"]
[Black "Fernandes, Joao Manoel Strauss"]
[Result "1-0"]
[WhiteElo "2189"]
[BlackElo "1688"]
[PlyCount "41"]
[EventDate "2022.08.05"]
[EventType "swiss"]
[EventRounds "5"]
[EventCountry "BRA"]
[SourceTitle "CBM 209 Extra"]
[Source "ChessBase"]
[SourceDate "2022.09.30"]
[SourceVersion "1"]
[SourceVersionDate "2022.09.30"]
[SourceQuality "1"]

1. d4 c5 2. d5 e6 3. c4 exd5 4. cxd5 d6 5. Nc3 g6 6. e4 Bg7 7. Bd3 Nf6 8. h3 0-0 9. Nf3 b5 10. Bxb5 Nxe4 11. Nxe4 Qa5+ 12. Nfd2 Qxb5 13. Nxd6 Qb4 14. 0-0 Ba6 15. Re1 Rd8 16. Ne8 Qb6 17. Nxg7 Kxg7 18. Ne4 Nc6 19. Qd2 Kh8 20. Qh6 Rxd5 21. Bg5 1-0

[Event "Rio de Janeiro op"]
[Site "Rio de Janeiro"]
[Date "2022.04.21"]
[Round "2"]
[White "Fernandes, Joao Manoel Strauss"]
[Black "Marcolino, Daniel Mattos"]
[Result "0-1"]
[WhiteElo "1674"]
[BlackElo "2035"]
[PlyCount "70"]
[EventDate "2022.04.21"]
[EventType "swiss"]
[EventRounds "6"]
[EventCountry "BRA"]
[SourceTitle "CBM 207 Extra"]
[Source "ChessBase"]
[SourceDate "2022.05.31"]
[SourceVersion "1"]
[SourceVersionDate "2022.05.31"]
[SourceQuality "1"]

1. e4 c6 2. d4 d5 3. exd5 cxd5 4. c4 Nf6 5. Nc3 e6 6. Nf3 Bb4 7. Bd2 0-0 8. a3 Bxc3 9. Bxc3 dxc4 10. Bxc4 Nbd7 11. 0-0 Nb6 12. Bd3 Nbd5 13. Qd2 b6 14. Ne5 Bb7 15. Rae1 Rc8 16. f4 Qd6 17. Nc4 Qc7 18. f5 Nxc3 19. bxc3 Bd5 20. fxe6 Bxc4 21. Bxc4 Qxc4 22. e7 Rfe8 23. Rxf6 gxf6 24. Re3 Qc7 25. Rg3+ Qxg3 26. hxg3 Rxe7 27. d5 Rd7 28. Qd4 Rcd8 29. c4 b5 30. cxb5 Rxd5 31. Qxa7 Rxb5 32. g4 Kg7 33. Qe7 Rd1+ 34. Kh2 Ra1 35. Qe3 Ra5 0-1